| 000 | 00447nam a2200097Ia 4500 | ||
|---|---|---|---|
| 008 | 180130s9999 xx 000 0 und d | ||
| 245 |
_cSahoo, Deepti Moyi; Chakraverty, S. _aFuzzified data based neural network modeling for health assessment of multistorey shear buildings |
||
| 260 | _c2014 | ||
| 300 | _aBook title: Design and simulation of intelligent systems and neural networks--Acession number C20723; pages 139-164 | ||
| 650 | _aCOMPUTER SCIENCE | ||
| 999 |
_c354250 _d354250 |
||